இலங்கை முஸ்லிம்களின் தேசிய பங்களிப்பு: (Record no. 4939)
[ view plain ]
| 000 -LEADER | |
|---|---|
| fixed length control field | 01006nam a22002297a 4500 |
| 003 - CONTROL NUMBER IDENTIFIER | |
| control field | LK-CoMWRAF |
| 005 - DATE AND TIME OF LATEST TRANSACTION | |
| control field | 20240624163311.0 |
| 008 - FIXED-LENGTH DATA ELEMENTS--GENERAL INFORMATION | |
| fixed length control field | 240624b2023 |||||||| |||| 00| 0 eng d |
| 020 ## - INTERNATIONAL STANDARD BOOK NUMBER | |
| International Standard Book Number | 97895514310201 |
| 040 ## - CATALOGING SOURCE | |
| Original cataloging agency | LK-CoMWRAF |
| Modifying agency | LK-CoMWRAF |
| Description conventions | LK-CoMWRAF |
| 041 ## - LANGUAGE CODE | |
| Language code of text/sound track or separate title | Tamil |
| 082 ## - DEWEY DECIMAL CLASSIFICATION NUMBER | |
| Classification number | 305.8 |
| Item number | ZAI |
| 942 ## - ADDED ENTRY ELEMENTS (KOHA) | |
| Koha item type | Books |
| 100 ## - MAIN ENTRY--PERSONAL NAME | |
| Personal name | ஸெய்ன், றவூப், |
| Personal name (Transliterated) | Zain, Rauff |
| 245 ## - TITLE STATEMENT | |
| Title | இலங்கை முஸ்லிம்களின் தேசிய பங்களிப்பு: |
| Remainder of title | நினைவுக்கெட்டிய காலம் முதல் சுதந்திரம் வரை |
| 246 ## - VARYING FORM OF TITLE | |
| Title proper/short title | Ilaṅkai muslimkaḷiṉ tēciya paṅkaḷippu: niṉaivukkeṭṭiya kālam mutal cutantiram varai |
| 246 ## - VARYING FORM OF TITLE | |
| Title proper/short title | The Muslim contribution to national life |
| 260 ## - PUBLICATION, DISTRIBUTION, ETC. (IMPRINT) | |
| Place of publication, distribution, etc. | Thihariya: |
| Name of publisher, distributor, etc. | Ibnu Khaldun Research Institute for Social Sciences, |
| Date of publication, distribution, etc. | 2023 |
| 300 ## - PHYSICAL DESCRIPTION | |
| Extent | 300 p. |
| Other physical details | Bibliography included |
| 650 ## - SUBJECT ADDED ENTRY--TOPICAL TERM | |
| Topical term or geographic name as entry element | MUSLIM COMMUNITY-Sri Lanka |
| 650 ## - SUBJECT ADDED ENTRY--TOPICAL TERM | |
| Topical term or geographic name as entry element | Muslim contribution |
| Withdrawn status | Lost status | Damaged status | Not for loan | Permanent Location | Current Location | Date acquired | Full call number | Barcode | Koha item type |
|---|---|---|---|---|---|---|---|---|---|
| Resource center, Muslim Women's Research And Action Forum | Resource center, Muslim Women's Research And Action Forum | 2024-06-24 | 305.8 ZAI | RAF5316 | Books |

